000 00458cam a2200181ua 4500
001 2807
008 110908n ii |||gr||||Z||||||asm
040 _cMAIN
082 _a891.4512
100 1 _aBezbaroa, Lakshminath,
_eAuthor.
245 1 1 _aChikar pati nikarpati
_cby Lakshminath Bezbaroa
250 _a1st.
260 _aGuahati:
_bSahitya prakash.
300 _a53p:
_c23cm.
653 _aAssamese drama
653 _aChikar pati nikarpati
942 _cBK
999 _c2656
_d2656